000 00840cam a22002893a 4500
001 30901
003 PGUSA
005 20140828083652.0
008 100109s2010||||xxu|||||s|||||000 1 eng d
040 _aPGUSA
_beng
042 _adc
050 4 _aPS
100 1 _aFyfe, H. B.
_q(Horace Bowne),
_d1918-1997
245 1 0 _aFee of the Frontier
_h[electronic resource] /
_cH. B. Fyfe
260 _bProject Gutenberg,
_c2010
506 _aPublic domain in the USA.
516 _aElectronic text
653 _aShort stories
653 _aMars (Planet) -- Fiction
653 _aSpace colonies -- Fiction
653 _aScience fiction
653 _aOuter space -- Exploration -- Fiction
700 1 _aEmshwiller, Ed,
_d1925-1990
830 0 _aProject Gutenberg
_v30901
856 4 0 _uhttp://www.gutenberg.org/ebooks/30901
942 _cEB
999 _c260156
_d260156